Gương mặt những nhà thơ : Chân dung văn học
Sách giới thiệu gương mặt những nhà thơ, nhà văn như Xuân Diệu, Chế Lan Viên, Hồ Dzếnh, Hoàng Trung Thông, Xuân Quỳnh.
Gorde:
| Egile nagusia: | |
|---|---|
| Formatua: | Liburua |
| Hizkuntza: | Undetermined |
| Argitaratua: |
Hà Nội
Giáo dục
1998
|
| Gaiak: | |
| Etiketak: |
Etiketa erantsi
Etiketarik gabe, Izan zaitez lehena erregistro honi etiketa jartzen!
|
| Thư viện lưu trữ: | Trung tâm Học liệu Trường Đại học Cần Thơ |
|---|
| LEADER | 00795nam a2200229Ia 4500 | ||
|---|---|---|---|
| 001 | CTU_28842 | ||
| 008 | 210402s9999 xx 000 0 und d | ||
| 020 | |c 25000 | ||
| 082 | |a 809 | ||
| 082 | |b Tr552 | ||
| 100 | |a Võ, Văn Trực | ||
| 245 | 0 | |a Gương mặt những nhà thơ : | |
| 245 | 0 | |b Chân dung văn học | |
| 245 | 0 | |c Võ Văn Trực | |
| 260 | |a Hà Nội | ||
| 260 | |b Giáo dục | ||
| 260 | |c 1998 | ||
| 520 | |a Sách giới thiệu gương mặt những nhà thơ, nhà văn như Xuân Diệu, Chế Lan Viên, Hồ Dzếnh, Hoàng Trung Thông, Xuân Quỳnh. | ||
| 650 | |a Vietnamese poetry | ||
| 650 | |x History and criticism | ||
| 904 | |i Trọng Hải | ||
| 980 | |a Trung tâm Học liệu Trường Đại học Cần Thơ | ||